00570 2200169 4500245009800000020002200098250001100120700001700131650002800148005001900176260003300195041001400228084001000242500011100252490002800363336000900391 aEnsiklopedia Matematika Volume 1 b : Pengertian Matematika dan BilangancA. IsmunamtohText a978-602-9083-00-2 aCet. 2 aA. Ismunamto aEnsiklopedia Matematika a20231124101004 aJakartabLENTERA ABADIc2011 aIndonesia a510.3 aDaftar Isi : Indonesia Raya ( Runtuhnya Hindia Belanda, Pendudukan Jepang, Militerisasi Bangsa Indonesia ) aEnsiklopedia Matematika atext